| 000 | 00378nam a22001457a 4500 | ||
|---|---|---|---|
| 005 | 20191122154542.0 | ||
| 008 | 191122b xxu||||| |||| 00| 0 eng d | ||
| 020 | _a978-0-07-463017-4 | ||
| 041 | _aeng | ||
| 100 |
_aMUKHERJEE, A AND HANIF, M _95101 |
||
| 245 | _aMODERN ACCOUNTANCY | ||
| 260 |
_aNEW DELHI _bTATA McGRAW HILL PUB COM LTD _c2000 |
||
| 300 | _a37.74 p, | ||
| 942 | _cBK | ||
| 999 |
_c6015 _d6013 |
||